Geography Quiz

Random Geography or City Quiz

Cities by Peak Population Quiz Stats

 Plays Quiz not verified by Sporcle

Challenge
Share
Tweet
Embed
Score 0/15 Timer 04:00
0 Plays Today
Peak Population City % Correct
8,175,133New York
96.8%
3,792,621Los Angeles
92.1%
3,620,962 Chicago
87.3%
1,849,568Detroit
85.7%
2,071,605Philadelphia
82.5%
856,796 St.Louis
61.9%
914,808Cleveland
55.6%
801,444 Boston
54%
Peak Population City % Correct
949,708 Baltimore
52.4%
503,998Cincinnati
50.8%
802,178 Washington
44.4%
805,235San Francisco
42.9%
627,525 New Orleans
38.1%
521,718 Minneapolis
25.4%
496,973 Atlanta
22.2%

You're not logged in!

Compare scores with friends on all Sporcle quizzes.
Join for Free
OR
Log In

You Might Also Like...

Show Comments

Extras

Top Quizzes Today


Score Distribution

Your Account Isn't Verified!

In order to create a playlist on Sporcle, you need to verify the email address you used during registration. Go to your Sporcle Settings to finish the process.

Report this User

Report this user for behavior that violates our Community Guidelines.

Details: